| 000 | 01036cam a22003257a 4500 | ||
|---|---|---|---|
| 003 | CHAP | ||
| 005 | 20220329135659.0 | ||
| 008 | 971013s1995 r 00010 d | ||
| 010 | _a40475 | ||
| 011 | _a41447 | ||
| 035 | _a45573 | ||
| 040 | _cCHAP | ||
| 082 |
_a630.63 _bE55 |
||
| 100 | 0 | 0 |
_aEncinas Rodríguez, Alejandro _ecoor. _936755 |
| 245 | 1 | 3 | _aEl campo mexicano en el umbral del siglo XXI |
| 260 |
_aMéxico, D.F. : _bEspasa Calpe, _c1995 |
||
| 300 | _a647 p. | ||
| 490 | 0 | _aEspasa hoy | |
| 590 |
_aBATCH-UPD _b10 _c20130110 _lUCH01 _h1009 |
||
| 590 |
_aBATCH-UPD _b10 _c20130410 _lUCH01 _h0618 |
||
| 590 |
_aBATCH-UPD _b10 _c20130913 _lUCH01 _h2032 |
||
| 590 |
_aCONVERSION _b10 _c20130109 _lUCH01 _h1322 |
||
| 650 | 1 | 4 |
_aAgricultura _xAspectos economicos _zMexico. _91312 |
| 650 | 1 | 4 |
_aAgricultura _xCongresos. _91373 |
| 830 | 0 |
_aEspasa hoy _937781 |
|
| 901 | _aBK | ||
| 942 | _cLIBRO | ||
| 949 |
_a630.63 E55 _bBC _cCONG _d-104088 _eCONG _h88539 _i45573 _mD _si |
||
| 949 |
_a630.63 E55 _bCIESTAM _cLIBRO _d455731 _eLIBRO _h196 _i45573 _sb |
||
| 999 |
_c40475 _d40475 |
||